000 00623nam a2200229Ia 4500
003 OSt
005 20220925224559.0
006 a|||||r|||| 00| 0
007 ta
008 220923b |||||||| |||| 00| 0 eng d
037 _cGeneral Book
040 _aRTL
_cRTL
_beng
041 _2eng
_aeng
082 _aY:3(O,3), K6
100 _aSpearman Diana
_9291283
245 0 _aNovel and society
260 _aLondon
_bRoutledge and Kegan Paul
_c1966
300 _avi, 256p
_ccm.
650 _aLiterature Society
_9242438
942 _hY:3(O,3), K6
_cGB
_2CC
999 _c581795
_d581795